000 00604nam a22001937a 4500
003 0
005 20250115112016.0
008 250115b xxu||||| |||| 00| 0 eng d
020 _a978-621-435-041-4
050 _aQA 276
_b.F47 2021
100 _aFerran, Fritz M.
245 _aStatistics and probability
_c Fritz M. Ferran
260 _aBulacan
_bKLEAFS Publishing
_c2021
300 _aviii, 393 pages :
_billustrations and pictures ;
_c26cm.
504 _aIncludes bibliographical references and glossary.
650 _aStatistics.
650 _aStatistics and probability.
942 _2lcc
_cBK
999 _c366969
_d366969